000 00449nam a22001937a 4500
003 CEME
005 20210628203111.0
008 210218b xxu||||| |||| 00| 0 eng d
020 _a81-7808-330-2
040 _c.
082 _a005.133-J ECK
100 _aEckel, Bruce
_963307
245 _aThinking in java
250 _a2ND
260 _aINDIA
_bPEARSON EDUCATION ASIA
_c2001
300 _a1128P
650 _aJAVA
_957943
942 _cBK
_2ddc
999 _c572172
_d572172